<?xml version="1.0" encoding="UTF-8"?>
<collection xmlns="http://www.loc.gov/MARC21/slim">
<record>
  <controlfield tag="001">296914</controlfield>
  <controlfield tag="005">20230131174914.0</controlfield>
  <datafield tag="035" ind1=" " ind2=" ">
    <subfield code="a">G:(GEPRIS)328193732</subfield>
  </datafield>
  <datafield tag="024" ind1="7" ind2=" ">
    <subfield code="a">G:(GEPRIS)328193732</subfield>
    <subfield code="d">328193732</subfield>
  </datafield>
  <datafield tag="040" ind1=" " ind2=" ">
    <subfield code="a">GEPRIS</subfield>
    <subfield code="c">http://gepris.its.kfa-juelich.de</subfield>
  </datafield>
  <datafield tag="150" ind1=" " ind2=" ">
    <subfield code="a">Prominenz und Informationsstruktur (C01)</subfield>
    <subfield code="y">2017 - 2020</subfield>
  </datafield>
  <datafield tag="371" ind1=" " ind2=" ">
    <subfield code="a">Professor Dr. Aria Adli</subfield>
  </datafield>
  <datafield tag="450" ind1=" " ind2=" ">
    <subfield code="a">SFB 1252 C01</subfield>
    <subfield code="w">d</subfield>
    <subfield code="y">2017 - 2020</subfield>
  </datafield>
  <datafield tag="510" ind1="1" ind2=" ">
    <subfield code="a">Deutsche Forschungsgemeinschaft</subfield>
    <subfield code="0">I:(DE-588b)2007744-0</subfield>
    <subfield code="b">DFG</subfield>
  </datafield>
  <datafield tag="550" ind1=" " ind2=" ">
    <subfield code="0">G:(GEPRIS)281511265</subfield>
    <subfield code="a">SFB 1252: Prominenz in Sprache</subfield>
    <subfield code="w">t</subfield>
  </datafield>
  <datafield tag="680" ind1=" " ind2=" ">
    <subfield code="a">Ziel dieses Projekts ist ein besseres Verständnis des Verhältnisses von Prominenz und Informationsstruktur. Wir beschäftigen uns einerseits mit prominenten syntaktischen Positionen (linke und rechte Peripherie, Clefts, postverbale Subjektposition) in spontanen Dialogdaten aus mehreren Sprachen. Diese Positionen werden als strukturelle Attraktoren für informationsstrukturelle Einheiten gesehen. Andererseits untersuchen wir den Wettbewerb zwischen prominenten Einheiten um Topikalität. Mit Hilfe eines Annotations- und eines Elizitationsexperiments wird hier die Rolle prominenz-zuweisender semantischer Merkmale analysiert.</subfield>
  </datafield>
  <datafield tag="909" ind1="C" ind2="O">
    <subfield code="o">oai:juser.fz-juelich.de:963657</subfield>
    <subfield code="p">authority:GRANT</subfield>
    <subfield code="p">authority</subfield>
  </datafield>
  <datafield tag="980" ind1=" " ind2=" ">
    <subfield code="a">G</subfield>
  </datafield>
  <datafield tag="980" ind1=" " ind2=" ">
    <subfield code="a">AUTHORITY</subfield>
  </datafield>
  <datafield tag="909" ind1="C" ind2="O">
    <subfield code="o">oai:juser.fz-juelich.de:963657</subfield>
  </datafield>
</record>
</collection>